000 00573nam a22001697a 4500
999 _c18456
_d18456
008 200811b xxu||||| |||| 00| 0 eng d
020 _a1118554678
050 _aR850
_b.N88 2015 c.1
245 _aNutrition Research Methodologies
_cEdited by Julie A Lovegrove, Leanne Hodson, Sangita, Sharma & Susan A Lanham-New
260 _aIndia
_bThe nutrition society
_c2015
300 _axi, 344p.
650 _aBiomedical research
_vmethods
650 _aModels, biological
650 _aReserch design
650 _aNutritional physiological phenomena
942 _2lcc
_cBK